[Event "Pamplona"]
[Site "Pamplona"]
[Date "2003.12.21"]
[Round "2"]
[White "Pelletier, Yannick"]
[Black "Sutovsky, Emil"]
[Result "1/2-1/2"]
[WhiteElo "2604"]
[BlackElo "2646"]
[PlyCount "90"]
[EventDate "2003.12.20"]
[Source "ChessBase"]
[SourceDate "2004.03.30"]

1. Nf3 Nf6 2. c4 g6 3. Nc3 d5 4. cxd5 Nxd5 5. Qb3 Nb6 6. d4 Bg7 7. Bg5 Be6 8. Qc2 Nc6 9. Rd1 h6 10. Bh4 O-O 11. e3 Nb4 12. Qb1 Bf5 13. e4 Bg4 14. d5 Bxf3 15. gxf3 Qd7 16. a3 Na6 17. Bg3 c6 18. d6 Rfd8 19. Be2 e5 20. f4 exf4 21. Bxf4 Qe6 22. O-O g5 23. Bg3 Nc5 24. b4 Ncd7 25. e5 Bxe5 26. Ne4 Re8 27. Rfe1 Bxg3 28. Nxg3 Nd5 29. Bh5 Ne5 30. Qf5 Qxf5 31. Nxf5 Re6 32. Nd4 Ree8 33. Nf5 Rad8 34. Nxh6+ Kg7 35. Rxe5 Rxe5 36. Nxf7 Ree8 37. Nxd8 Rxd8 38. Bg4 Rxd6 39. Bc8 b5 40. Bb7 Kf6 41. Bxc6 Rxc6 42. Rxd5 Ra6 43. Rd3 Ra4 44. Kg2 a5 45. Rd6+ Kf7 1/2-1/2

[Event "Camp. francese - Play-off"]
[Site "Aix-les-Bains FRA"]
[Date "2007.08.25"]
[Round "1"]
[White "Tkachiev, V."]
[Black "Vachier Lagrave, M."]
[Result "1/2-1/2"]
[WhiteElo "2655"]
[BlackElo "2595"]
[PlyCount "73"]
[EventDate "2007.08.13"]
[Source "www.chesslib.no"]
[SourceDate "2004.05.04"]

1. Nf3 Nf6 2. c4 g6 3. Nc3 d5 4. cxd5 Nxd5 5. g3 Bg7 6. Bg2 O-O 7. O-O c5 8. Qa4 Nc6 9. Qc4 Nb6 10. Qxc5 Bg4 11. d3 Rc8 12. Qg5 Bxf3 13. Bxf3 Nd4 14. Bxb7 Rxc3 15. bxc3 Nxe2+ 16. Kg2 Bxc3 17. Rb1 Qxd3 18. Be3 Bf6 19. Qg4 h5 20. Qf3 Nc3 21. Rb3 Nc4 22. Bxa7 Qxf3+ 23. Bxf3 Nd2 24. Rxc3 Bxc3 25. Rc1 Bb2 26. Rc2 Nxf3 27. Rxb2 Ne1+ 28. Kf1 Nd3 29. Rb7 Rc8 30. Rxe7 Rc1+ 31. Kg2 Ne1+ 32. Kh3 Nf3 33. Re3 g5 34. Kg2 g4 35. Rxf3 gxf3+ 36. Kxf3 Ra1 37. Ke4 1/2-1/2

[Event "Europa ch 2008"]
[Site "Plovdiv BUL"]
[Date "2008.04.29"]
[Round "8.9"]
[White "Damljanovic, Branko"]
[Black "Areshchenko, Alexander"]
[Result "1-0"]
[WhiteElo "2595"]
[BlackElo "2650"]
[PlyCount "91"]
[EventDate "2008.04.21"]
[Source "www.chesslib.no"]
[SourceDate "2004.05.04"]

1. Nf3 Nf6 2. c4 g6 3. Nc3 d5 4. Qa4+ Bd7 5. Qb3 dxc4 6. Qxc4 a6 7. g3 Bg7 8. Bg2 Nc6 9. d4 Be6 10. Qa4 O-O 11. O-O Nd5 12. Qd1 Nb6 13. Bf4 Nd5 14. Bg5 h6 15. Bd2 Nb6 16. e3 a5 17. b3 Bf5 18. Rc1 g5 19. Ne1 Bg6 20. d5 Nb4 21. e4 c6 22. a3 Na6 23. dxc6 bxc6 24. Be3 Qb8 25. f4 Rd8 26. Qc2 gxf4 27. gxf4 Kh8 28. f5 Bh7 29. Nf3 Nd7 30. Na4 Nf6 31. Kh1 Ng4 32. Bg1 Qd6 33. Nb6 Rab8 34. Nc4 Qd3 35. Nxa5 Ne3 36. Qxd3 Rxd3 37. Bxe3 Rxe3 38. Rxc6 Ra8 39. Nd2 Re2 40. Ndc4 Bd4 41. Bf3 Ra2 42. b4 e6 43. Nb3 Bf2 44. b5 Nb8 45. Rc8+ Kg7 46. f6+ 1-0

[Event "Open"]
[Site "Geneve"]
[Date "2004.01.31"]
[Round "8"]
[White "Eljanov, Pavel"]
[Black "Sutovsky, Emil"]
[Result "1/2-1/2"]
[WhiteElo "2597"]
[BlackElo "2646"]
[PlyCount "76"]
[EventDate "2004.??.??"]
[Source "Roberto Alvarez"]
[SourceDate "2004.02.23"]

1. Nf3 Nf6 2. c4 g6 3. Nc3 d5 4. cxd5 Nxd5 5. h4 Nxc3 6. bxc3 Bg7 7. g3 b6 8. Bg2 Bb7 9. h5 Nc6 10. Qa4 Qd7 11. Rb1 O-O-O 12. Ng5 e6 13. h6 Bf6 14. Nxf7 Qxf7 15. Bxc6 Rhf8 16. Bxb7+ Kxb7 17. Qe4+ Kb8 18. O-O Bg5 19. d4 Bxc1 20. Rbxc1 Rd5 21. c4 Rh5 22. Rc3 Qf5 23. Qxf5 gxf5 24. Kg2 Rxh6 25. e3 Kb7 26. Kf3 Rg8 27. c5 Rf6 28. Rfc1 Rf7 29. a4 Rd8 30. Rb1 Ka6 31. cxb6 cxb6 32. a5 b5 33. Rc5 Rb7 34. Ra1 b4 35. Rc6+ Kb5 36. Rc5+ Ka6 37. Rc6+ Kb5 38. Rc5+ Ka6 1/2-1/2

[Event "France"]
[Site "?"]
[Date "2001.??.??"]
[Round "?"]
[White "Gurevich, M."]
[Black "Nataf, I._A."]
[Result "1-0"]
[WhiteElo "2690"]
[BlackElo "2550"]
[PlyCount "125"]
[EventDate "2001.??.??"]
[Source "Chess Informant"]
[SourceDate "2000.10.01"]

1. c4 g6 2. Nc3 Bg7 3. g3 Nf6 4. Bg2 O-O 5. d3 d6 6. e3 Nc6 7. Nge2 e5 8. Rb1 a5 9. b3 Re8 10. O-O Ne7 11. e4 Nc6 12. h3 Nd7 13. Be3 Nc5 14. d4 exd4 15. Nxd4 Bd7 16. Ndb5 Na7 17. Bd4 Nxb5 18. cxb5 Bxd4 19. Qxd4 Ne6 20. Qd3 c6 21. Rfd1 cxb5 22. Nxb5 Bxb5 23. Qxb5 Nc5 24. Rd4 Re6 25. Rbd1 Qc7 26. e5 Rxe5 27. Rxd6 Rae8 28. Qc4 Re1+ 29. Kh2 Rxd1 30. Rxd1 b6 31. Bd5 Kg7 32. Rd4 Re7 33. Rf4 Ne6 34. Bxe6 fxe6 35. Qe2 Rf7 36. Rc4 Qd6 37. Kg1 h5 38. Qb2+ Kh7 39. Qc2 Rd7 40. Qc3 Qd1+ 41. Kh2 Qd6 42. Qe3 Rf7 43. Qe2 Qd5 44. Kg1 Rd7 45. Qe3 Qd1+ 46. Kh2 Qd6 47. Re4 Rf7 48. Qe1 Qd5 49. Kg1 Rf6 50. Re5 Qc6 51. Qe3 Qd6 52. Rb5 Qd1+ 53. Kg2 Rf7 54. Rxb6 Qd5+ 55. Kh2 Qf5 56. Kg1 Qb1+ 57. Kg2 Qxa2 58. Rxe6 a4 59. Re7 Rxe7 60. Qxe7+ Kh6 61. Qe3+ Kg7 62. Qd4+ Kf7 63. bxa4 1-0

[Event "6. EICC"]
[Site "?"]
[Date "2005.07.01"]
[Round "13"]
[White "Postny Evgeny"]
[Black "Krasenkow Michal"]
[Result "1/2-1/2"]
[WhiteElo "2556"]
[BlackElo "2672"]
[PlyCount "26"]
[EventDate "2005.??.??"]
[Source "www.chesslib.no"]
[SourceDate "2004.05.04"]

1. Nf3 Nf6 2. c4 g6 3. Nc3 d5 4. cxd5 Nxd5 5. e4 Nxc3 6. dxc3 Qxd1+ 7. Kxd1 f6 8. Kc2 e5 9. Be3 Be6 10. Nd2 Nd7 11. Bc4 Bxc4 12. Nxc4 Bc5 13. Rhd1 Bxe3 1/2-1/2

[Event "Match"]
[Site "?"]
[Date "1976.??.??"]
[Round "6"]
[White "Kortschnoj Viktor"]
[Black "Timman Jan Hein"]
[Result "1/2-1/2"]
[WhiteElo "2670"]
[BlackElo "2550"]
[PlyCount "57"]
[EventDate "1976.??.??"]
[Source "www.chesslib.no"]
[SourceDate "2004.05.04"]

1. c4 Nf6 2. Nc3 g6 3. Nf3 d5 4. cxd5 Nxd5 5. e4 Nxc3 6. bxc3 Bg7 7. Ba3 b6 8. Bc4 O-O 9. O-O Nc6 10. d4 Na5 11. Bd3 Qd7 12. Qe2 Bb7 13. Rad1 Rfd8 14. d5 c6 15. Bb4 cxd5 16. exd5 Bxd5 17. Bxa5 bxa5 18. Be4 Qe6 19. Ng5 Qe5 20. Rxd5 Rxd5 21. Nxf7 Kxf7 22. Qf3+ Ke6 23. c4 Rd2 24. Bxa8 Rxa2 25. c5 Ra1 26. Qg4+ Kf6 27. Qf3+ Ke6 28. Qb3+ Kf6 29. Qf3+ 1/2-1/2

[Event "Luzern"]
[Site "?"]
[Date "1993.??.??"]
[Round "?"]
[White "Vaganian, R."]
[Black "Yermolinsky, A."]
[Result "0-1"]
[WhiteElo "2615"]
[BlackElo "2605"]
[PlyCount "110"]
[EventDate "1993.??.??"]
[Source "ChessBase"]
[SourceDate "1993.10.01"]

1. Nf3 Nf6 2. c4 g6 3. Nc3 Bg7 4. g3 O-O 5. Bg2 d5 6. cxd5 Nxd5 7. O-O e5 8. Nxd5 Qxd5 9. d3 Nc6 10. Be3 Qd6 11. Rc1 Nd4 12. Nxd4 exd4 13. Bf4 Be5 14. Bxe5 Qxe5 15. b4 c6 16. Rc5 Qd6 17. Qd2 Bd7 18. Rfc1 Rad8 19. Bf3 Rfe8 20. h4 Re5 21. Rxe5 Qxe5 22. Rc5 Qf6 23. Qg5 Kg7 24. b5 b6 25. Re5 h6 26. Qf4 Qxf4 27. gxf4 c5 28. Rd5 Kf8 29. a4 Ke7 30. e3 Be6 31. Rxd8 Kxd8 32. Bd1 Ke7 33. Kf1 Kd6 34. Ke1 c4 35. dxc4 Bxc4 36. Kd2 Kc5 37. e4 f6 38. Be2 Bf7 39. Bd1 g5 40. fxg5 fxg5 41. hxg5 hxg5 42. Kc2 Be6 43. Bh5 Kd6 44. Kd3 Ke5 45. Bd1 Bf7 46. f3 Be6 47. Bc2 g4 48. fxg4 Bxg4 49. Kc4 Be2+ 50. Bd3 Bf3 51. Kb4 Bxe4 52. Bf1 Kf4 53. a5 Ke3 54. axb6 axb6 55. Kc4 d3 0-1

[Event "RUS Ch"]
[Site "Elista RUS"]
[Date "1995.??.??"]
[Round "7"]
[White "Khalifman, Alexander V"]
[Black "Svidler, Peter"]
[Result "1/2-1/2"]
[WhiteElo "2635"]
[BlackElo "2585"]
[PlyCount "31"]
[EventDate "1995.10.??"]
[Source "www.chesslib.no"]
[SourceDate "2004.05.04"]

1. Nf3 Nf6 2. c4 g6 3. Nc3 d5 4. cxd5 Nxd5 5. Qa4+ Bd7 6. Qh4 Nxc3 7. dxc3 Nc6 8. e4 e5 9. Bg5 Be7 10. Bc4 h6 11. Bxe7 Qxe7 12. O-O-O Qxh4 13. Nxh4 Rf8 14. Bd5 Ke7 15. Nf3 Kf6 16. Rd2 1/2-1/2

[Event "Calcutta"]
[Site "Calcutta"]
[Date "1992.??.??"]
[Round "11"]
[White "Georgiev, Kiril"]
[Black "Ehlvest, Jaan"]
[Result "1/2-1/2"]
[WhiteElo "2605"]
[BlackElo "2615"]
[PlyCount "29"]
[EventDate "1992.01.??"]
[Source "ChessBase"]

1. Nf3 Nf6 2. c4 g6 3. Nc3 d5 4. cxd5 Nxd5 5. Qa4+ Bd7 6. Qh4 Nf6 7. g3 Nc6 8. Bg2 Bg7 9. h3 h6 10. O-O Qc8 11. d3 g5 12. Qa4 Nd8 13. Qc4 Be6 14. Qa4+ Bd7 15. Qc4 1/2-1/2